Datum a čas kvízu
25.5
Celkem bodů
Celkový počet nahraných bodů na tomto kvízu bez doplňovacích otázek.
4.
Pořadí na kvízu
Konečné umístění týmu na tomto kvízu.
Zaznamenané odpovědi
| # | Otázka | Odpověď | Body | Výsledky |
|---|---|---|---|---|
| 1. | Jiří Langmajer, Zdislava Pokor... | Hejt není názor | 0 | |
| 2. | Která známá sladká pochutina s... | Nutella | 1 | |
| 3. | V sobotu se na pražském Výstav... | Mňága a Žďorp | 1 | |
| 4. | Americký Federální úřad pro le... | A | 1 | |
| 5. | Cyklistický závod Kolem Flande... | A | 0 | |
| 6. | Vaším prvním úkolem v dnešním... | 1B 2C 3D 4A | 1 | |
| 7. | Poznejte gangsterku dle stručn... | Dannyho parťáci (Ocean's Eleven) | 1 | |
| 8. | Italští herci Carlo Pedersoli... | Bud Spencer a Terence Hill | 1 | |
| 9. | Gangster, na kterého se ptáme,... | Jabba Hutt | 1 | |
| 10. | Uveďte jméno i příjmení postav... | John Wick | 0 |